000 00662nam a2200289Ia 4500
005 20260324130352.0
008 008 260324s9999 xx 000 0 eng d
020 _a9781315787602
037 _aEBOOK
040 _aCRL
040 _beng
040 _cCRL
041 _2eng
041 _aeng
084 _qCRL
100 _aRichard Wilson
_9873227
245 0 _aShakespeare in French Theory
245 0 _bKing of Shadows
260 _bTaylor and Francis
260 _c2007
365 _a
365 _b230
856 _uhttp://www.taylorfrancis.com/books/9781315787602
942 _cEBOOK
999 _c1777634
_d1777634